Normal view
MARC view
Entry Personal Name
001 - CONTROL NUMBER
- control field: 23274
003 - CONTROL NUMBER IDENTIFIER
- control field: dpl
005 - DATE AND TIME OF LATEST TRANSACTION
- control field: 20101009151913.0
008 - FIXED-LENGTH DATA ELEMENTS
- fixed length control field: 101009|||a|||||| | ||| d
040 ## - CATALOGING SOURCE
- Original cataloging agency: dpl
- Transcribing agency: dpl
100 ## - HEADING--PERSONAL NAME
- Personal name: शर्मा, लीलाधर 'पर्वतीय'
670 ## - SOURCE DATA FOUND
- Source citation: Work cat.: (dpl)36013: शर्मा, लीलाधर 'पर्वतीय', भारतीय चरित कोशः, 2009
670 ## - SOURCE DATA FOUND
- Source citation: Work cat.: (dpl)36013: शर्मा, लीलाधर 'पर्वतीय', भारतीय चरित कोशः, 2009
